Electronics for you (Record no. 7853)

MARC details
000 -LEADER
fixed length control field 00540nam a2200181Ia 4500
003 - CONTROL NUMBER IDENTIFIER
control field IN-BaIIA
008 - FIXED-LENGTH DATA ELEMENTS--GENERAL INFORMATION
fixed length control field 211028s9999 xx 000 0 eng d
040 ## - CATALOGING SOURCE
Transcribing agency IIA Library
080 ## - UNIVERSAL DECIMAL CLASSIFICATION NUMBER
Universal Decimal Classification number (058)7:621.38
Item number ELE
110 ## - MAIN ENTRY--CORPORATE NAME
Corporate name or jurisdiction name as entry element India. EFY Group
9 (RLIN) 13248
245 #0 - TITLE STATEMENT
Title Electronics for you
Remainder of title annual 1984 directory/buyers guide/regular features
Statement of responsibility, etc. EFY Group
260 ## - PUBLICATION, DISTRIBUTION, ETC.
Place of publication, distribution, etc. New Delhi
Name of publisher, distributor, etc. EFY Enterprises
Date of publication, distribution, etc. 1984
300 ## - PHYSICAL DESCRIPTION
Extent 444p.
650 ## - SUBJECT ADDED ENTRY--TOPICAL TERM
Topical term or geographic name entry element Directory-Electronics
9 (RLIN) 13249
650 ## - SUBJECT ADDED ENTRY--TOPICAL TERM
Topical term or geographic name entry element NASA Thesaurus
650 ## - SUBJECT ADDED ENTRY--TOPICAL TERM
Topical term or geographic name entry element Yearbook-Electronics
9 (RLIN) 13250
942 ## - ADDED ENTRY ELEMENTS (KOHA)
Koha item type Books
Holdings
Withdrawn status Lost status Damaged status Not for loan Home library Current library Shelving location Date acquired Cost, normal purchase price Total Checkouts Full call number Barcode Date last seen Cost, replacement price Price effective from Koha item type Purchase Price
        IIA Library-Bangalore IIA Library-Bangalore General Stacks 24/02/1984 25.00   (058)7:621.38/ ELE 8674 05/11/2021 25.00 24/02/1984 Books Rs. 25.00

Powered by Koha